Statistiques concernant Région française par Ville

Cliquez ici pour prendre le quiz!

Statistiques générales

  • Ce quiz a été pris 120 fois
  • Le résultat moyen est 15 sur 20

Statistiques - réponses

VilleRégion% Correct
GrenobleAuvergne-Rhône-Alpes
100%
VilleurbaneAuvergne-Rhône-Alpes
100%
Chalon-sur-SaoneBourgogne-Franche-Comté
100%
BelfortBourgogne-Franche-Comté
100%
BesançonBourgogne-Franche-Comté
100%
DijonBourgogne-Franche-Comté
100%
Saint-BrieucBretagne
100%
LorientBretagne
100%
Saint-MaloBretagne
100%
BrestBretagne
100%
QuimperBretagne
100%
OrléansCentre-Val de Loire
100%
DreuxCentre-Val de Loire
100%
AjaccioCorse
100%
BastiaCorse
100%
ColmarGrand Est
100%
MulhouseGrand Est
100%
NancyGrand Est
100%
StrasbourgGrand Est
100%
LensHauts-de-France
100%
Villeneuve-d'AscqHauts-de-France
100%
TourcoingHauts-de-France
100%
VersaillesÎle-de-France
100%
Saint-Denis (outre-mer)La Réunion
100%
Fort-de-FranceMartinique
100%
RouenNormandie
100%
Cherbourg-en-CotentinNormandie
100%
LimogesNouvelle-Aquitaine
100%
NiortNouvelle-Aquitaine
100%
MontpellierOccitanie
100%
BéziersOccitanie
100%
MontaubanOccitanie
100%
AvignonProvence-Alpes-Côte d'Azur
100%
NiceProvence-Alpes-Côte d'Azur
100%
MarseilleProvence-Alpes-Côte d'Azur
100%
Saint-Denis (métropolitaine)Île-de-France
86%
ToulouseOccitanie
86%
LyonAuvergne-Rhône-Alpes
80%
AmboiseCentre-Val de Loire
80%
PerpignanOccitanie
80%
Clermont-FerrandAuvergne-Rhône-Alpes
75%
VichyAuvergne-Rhône-Alpes
75%
Porto-VecchioCorse
75%
ReimsGrand Est
75%
ParisÎle-de-France
75%
PauNouvelle-Aquitaine
75%
PessacNouvelle-Aquitaine
75%
BayonneNouvelle-Aquitaine
75%
SèteOccitanie
75%
AuxerreBourgogne-Franche-Comté
67%
ToursCentre-Val de Loire
67%
BourgesCentre-Val de Loire
67%
ChartresCentre-Val de Loire
67%
ChâteaurouxCentre-Val de Loire
67%
CalviCorse
67%
VerdunGrand Est
67%
MetzGrand Est
67%
Pointe-à-PitreGuadeloupe
67%
BeauvaisHauts-de-France
67%
DouaiHauts-de-France
67%
LilleHauts-de-France
67%
AmiensHauts-de-France
67%
RoubaixHauts-de-France
67%
BobignyÎle-de-France
67%
MelunÎle-de-France
67%
NanterreÎle-de-France
67%
DzaoudziMayotte
67%
Le HavreNormandie
67%
DieppeNormandie
67%
Saint-NazairePays de la Loire
67%
Le MansPays de la Loire
67%
CréteilÎle-de-France
60%
AnnecyAuvergne-Rhône-Alpes
50%
MontélimarAuvergne-Rhône-Alpes
50%
Bourg-en-BresseAuvergne-Rhône-Alpes
50%
NeversBourgogne-Franche-Comté
50%
VannesBretagne
50%
BloisCentre-Val de Loire
50%
CorteCorse
50%
Charleville-MézièresGrand Est
50%
ThionvilleGrand Est
50%
DunkerkeHauts-de-France
50%
CalaisHauts-de-France
50%
Saint-QuentinHauts-de-France
50%
CaenNormandie
50%
AgenNouvelle-Aquitaine
50%
La RochelleNouvelle-Aquitaine
50%
PoitiersNouvelle-Aquitaine
50%
NarbonneOccitanie
50%
CarcassoneOccitanie
50%
NantesPays de la Loire
50%
ArlesProvence-Alpes-Côte d'Azur
50%
ToulonProvence-Alpes-Côte d'Azur
50%
ChambéryAuvergne-Rhône-Alpes
33%
Thonon-les-BainsAuvergne-Rhône-Alpes
33%
ValenciennesHauts-de-France
33%
Les Sables-d'OlonnePays de la Loire
33%
AngersPays de la Loire
33%
Aix-en-ProvenceProvence-Alpes-Côte d'Azur
33%
La Seyne-sur-MerProvence-Alpes-Côte d'Azur
33%
ValenceAuvergne-Rhône-Alpes
25%
Saint-Laurent-du-MaroniGuyane
25%
NîmesOccitanie
25%
AlbiOccitanie
25%
Saint-ÉtienneAuvergne-Rhône-Alpes
0%
MontbéliardBourgogne-Franche-Comté
0%
RennesBretagne
0%
Châlons-en-ChampagneGrand Est
0%
TroyesGrand Est
0%
Basse-TerreGuadeloupe
0%
CayenneGuyane
0%
Saint-PierreMartinique
0%
MamoudzouMayotte
0%
ÉvreuxNormandie
0%
BordeauxNouvelle-Aquitaine
0%
AngoulêmeNouvelle-Aquitaine
0%
MérignacNouvelle-Aquitaine
0%
LavalPays de la Loire
0%
AntibesProvence-Alpes-Côte d'Azur
0%
CannesProvence-Alpes-Côte d'Azur
0%

Distribution des résultats

Percentile par nombre de réponses

% des personnes avec chaque résultat

Votre développement - résultats

Vous n’avez pas pris ce quiz